All 203 Counties of the 13 Colonies in 1775 on a Map - Statistics

General Stats
  • This quiz has been taken 405 times
  • The average score is 62 of 203
Answers on the Map
Answers color-coded by a green-red scale on the quiz's map according to % correct below.
 
Answer Stats
County % Correct
Kings
79%
New York
78%
Charlotte
76%
Richmond
76%
Philadelphia
74%
Charles
73%
Baltimore
71%
Providence
71%
York
71%
Queens
70%
Richmond
69%
Albany
68%
Hartford
65%
Norfolk
62%
Charleston
61%
Kings
61%
Sussex
61%
Essex
60%
Suffolk
60%
New Haven
56%
Kent
55%
Plymouth
55%
Worcester
55%
Charlotte
54%
Lancaster
51%
Nantucket
50%
Newport
50%
Chester
49%
New Castle
49%
Pitt
48%
St. George
47%
Bristol
46%
Hampshire
46%
Orange
45%
Middlesex
44%
Prince William
44%
Westchester
42%
Berks
40%
Gloucester
40%
Northampton
40%
Augusta
39%
New London
38%
Prince George
38%
Salem
38%
Cumberland
36%
Cape May
35%
Frederick
35%
Lincoln
35%
Somerset
35%
Southampton
35%
Barnstable
33%
Berkshire
33%
Tryon
33%
Bergen
32%
Bucks
32%
Burlington
32%
Camden
32%
Dukes
32%
Fairfax
32%
Monmouth
31%
Bedford
29%
Brunswick
29%
Surry
29%
Anne Arundel
28%
Fairfield
27%
Mecklenburg
27%
Northumberland
27%
Cheshire
26%
Hanover
26%
Stafford
26%
Ulster
26%
Dutchess
25%
Isle of Wight
25%
King George
25%
St. Marys
25%
St. Mary's
25%
Rockingham
24%
Buckingham
23%
Georgetown
23%
Caroline
22%
Cecil
22%
Chesterfield
22%
Dorchester
22%
King and Queen
22%
Morris
22%
Calvert
21%
Warwick
21%
Westmoreland
21%
Accomack
20%
Litchfield
20%
Grafton
19%
Henrico
19%
Prince Edward
19%
Talbot
19%
Wake
19%
Halifax
18%
Harford
18%
Hunterdon
18%
King William
18%
Loudoun
18%
Queen Anne's
18%
Warren
18%
Hillsborough
17%
Prince George's
17%
Strafford
17%
Beaufort
16%
Charles City
16%
Chatham
16%
Fauquier
16%
Hertford
16%
James City
16%
Albemarle
15%
New Kent
15%
Spotsylvania
15%
Windham
15%
Amelia
14%
Amherst
14%
Berkeley
14%
Goochland
14%
Martin
14%
New Hanover
14%
St. Johns
14%
Currituck
13%
Guilford
13%
Dinwiddie
12%
Princess Anne
12%
Bertie
11%
Carteret
11%
Craven
11%
Culpeper
11%
Hyde
11%
Johnston
11%
Louisa
11%
Lunenburg
11%
Pasquotank
11%
Perquimans
11%
Pittsylvania
11%
St. Patrick
11%
St. Paul
11%
Tyrrell
11%
Chowan
10%
Duplin
10%
Onslow
10%
Orangeburg
10%
St. James
10%
Anson
9%
Bladen
9%
Elizabeth City
9%
Botetourt
8%
Granville
8%
St. Andrew
8%
St. Thomas
8%
Edgecombe
7%
Nansemond
6%
Rowan
6%
St. David
6%
Christ Church
4%
Tryon
4%
Bute
3%
Fincastle
3%
Ninety-Six
3%
St. Matthews
3%
St. Phillip
3%
Cheraws
2%
Dobbs
2%
Dunmore
2%
No matching quizzes found
Score Distribution
Percent of People with Each Score
Percentile by Number Answered
Your Score History
You have not taken this quiz